| 000 | 00732nam a22002417a 4500 | ||
|---|---|---|---|
| 999 |
_c33066 _d33066 |
||
| 001 | 1959 | ||
| 003 | CO-MdFUSB | ||
| 005 | 20170808084416.0 | ||
| 008 | 170808t1975 s ||||| |||| 00| 0 s d | ||
| 020 | _a84-400-9037-4 | ||
| 040 |
_aCO-MdFUSB _bspa _cCO-MdFUSB _dCO-MdFUSBC _erda |
||
| 041 | 0 | _aspa | |
| 082 | 0 | 4 | _aG 221.92 O481j |
| 100 | 1 |
_aOliva, Manuel _eautor |
|
| 245 | 1 | 0 |
_aJacob en Betel _b : Visión y voto (Gn 28,10-22) Estudio sobre la fuente E _c/ Manuel Oliva |
| 264 | 4 |
_aValencia, España : _bSan Jerónimo, _c©1975 |
|
| 300 | _a148 Pag | ||
| 336 |
_2rdacontent _a1 _ba1 |
||
| 337 |
_2rdamedia _a2 _b5 |
||
| 338 |
_2rdacarrier _a2 _b5 |
||
| 653 | _aInterpretación de la Biblia A.T. - Génesis 18:10-22 | ||
| 942 | _cBK | ||